Basic concepts on 3D cell culture (Record no. 395824)

MARC details
000 -LEADER
fixed length control field 00629 a2200241 4500
005 - DATE & TIME
control field 20260128103356.0
008 - FIXED-LENGTH DATA ELEMENTS--GENERAL INFORMATION
fixed length control field 260127b |||||||| |||| 00| 0 eng d
020 ## - ISBN
International Standard Book Number 9783030667481
Price € 79.99
040 ## - CATALOGING SOURCE
Original cataloging agency VIVEKANANDA LIBRARY
082 ## - DDC NUMBER
Classification number 572.7
Book Number K153B
100 ## - MAIN ENTRY--PERSONAL NAME
Personal name Kasper, Cornelia
245 ## - TITLE STATEMENT
Title Basic concepts on 3D cell culture
260 ## - PUBLICATION, DISTRIBUTION, ETC. (IMPRINT)
Name of publisher, distributor, etc Springer
Date of publication, distribution, etc 2021
Place of publication, distribution, etc Switzerland
300 ## - PHYSICAL DESCRIPTION
Pages xv, 252
650 ## - Subject
Subject Biology
650 ## - Subject
Subject Biochemistry
650 ## - Subject
Subject Cellular
650 ## - Subject
Subject Molecular Biology
650 ## - Subject
Subject Cell Culture Techniques
700 ## - Added Entry Personal Name
Added Entry Personal Name Egger, Dominik
700 ## - Added Entry Personal Name
Added Entry Personal Name Lavrentieva, Antonina
942 ## - ADDED ENTRY ELEMENTS (KOHA)
Koha item type Books
Holdings
Withdrawn status Lost status Source of classification or shelving scheme Damaged status Not for loan Location (home branch) Sublocation or collection (holding branch) Shelving location Date acquired Koha issues (times borrowed) Koha full call number Accession No. Koha date last seen Koha item type
    Dewey Decimal Classification     VIVEKANANDA LIBRARY VIVEKANANDA LIBRARY Vivekananda Library 06/01/2026   572.7 K153B 444150 06/01/2026 Books
© Designed and Maintained by Vivekananda Library, MDU Rohtak